| 000 -GUIDE |
| Champ de contrôle de longueur fixe |
00918nam a22002417a 4500 |
| 003 - IDENTITÉ DU NUMÉRO DE CONTRÔLE |
| Champ de contrôle |
BI-BuBU |
| 008 - ÉLÉMENTS DE LONGUEUR FIXE - RENSEIGNEMENTS GÉNÉRAUX |
| Champ de contrôle de longueur fixe |
091201t fr ||||| |||| 00| 0 fre d |
| 020 ## - INTERNATIONAL STANDARD BOOK NUMBER |
| ISBN |
9782802718642 |
| 020 ## - INTERNATIONAL STANDARD BOOK NUMBER |
| ISBN |
2802718649 |
| 039 ## - NIVEAU DE CONTRÔLE BIBLIOGRAPHIQUE ET HISTORIQUE D'ENCODAGE [OBSOLETE] |
| Date creation |
gns |
| 040 ## - SOURCE DU CATALOGAGE |
| Organisme qui a effectué le catalogage original |
BI-BuBU |
| Code de la langue utilisée dans le catalogage |
fre |
| Organisme qui a effectué la transcription |
BI-BuBU |
| 080 ## - INDICE DE LA CLASSIFICATION DÉCIMALE UNIVERSELLE (CDU) |
| Indice de la Classification décimale universelle |
336.2.WOL.2005 |
| 100 1# - VEDETTE PRINCIPALE - NOM DE PERSONNE |
| Code de relation |
aut |
| Nom de personne |
Wolf,michel de |
| 245 10 - MENTION DU TITRE |
| Titre |
Souvaireneté fiscale et principe de non discrimination dans la jurisprudence de la cour de justice des communautés européennes et de la cour suprême des Etats-unis |
| Mention de responsabilité, etc. |
Michel de Wolf |
| 260 ## - PUBLICATION, DIFFUSION, ETC. (ADRESSE BIBLIOGRAPHIQUE) |
| Lieu de publication, diffusion, etc. |
Bruxelles;Paris |
| Nom de l'éditeur, diffuseur, etc. |
Bruylant;LGDJ |
| Date of publication, distribution, etc |
2005 |
| 300 ## - DESCRIPTION MATÉRIELLE |
| Collation |
500p |
| Dimensions |
24 cm |
| 504 ## - NOTE DE BIBLIOGRAPHIE ET INDEX. |
| Note de bibliographie et index. |
Bibliogr.Index |
| 650 ## - VEDETTE-MATIÈRE - NOM COMMUN |
| Vedette de sujet ou vedette comportant un nom géographique |
Fiscalité.Harmonisation.Union européenne |
| 9 (RLIN) |
6729 |
| 650 ## - VEDETTE-MATIÈRE - NOM COMMUN |
| Vedette de sujet ou vedette comportant un nom géographique |
Fiscalité.Harmonisation.Etats-Unis |
| 9 (RLIN) |
6730 |
| 942 ## - ÉLÉMENTS D'ENTRÉE ADDITIONNELLE (KOHA) |
| Source de la classification ou du système de rangement |
|
| Type d item koha |
BOOK |